| 000 | 01479nam a2200241Ia 4500 | ||
|---|---|---|---|
| 003 | Ost | ||
| 005 | 20260416102352.0 | ||
| 008 | 260416s9999||||xx |||||||||||||| ||und|| | ||
| 040 | _cfsecg | ||
| 041 | _aara | ||
| 082 | _a382.706 | ||
| 100 |
_aسعداوي، نعيمة _eمؤلف |
||
| 245 | 0 |
_aالجات والمنظمة / _c نعيمة سعداوي |
|
| 260 |
_aالجزائر _bجامعة الجزائر3: كلية العلوم الإقتصادية، العلوم التجارية وعلوم التسيير _c2017 |
||
| 300 |
_a79 ورقة _bايضاحات _c30 سم |
||
| 504 | _aمراجع ص.77 | ||
| 520 | _aظروف نشأة الجات، مبادئ الجات، جولات المفاوضات التجارية المتعددة الأطراف، خلفيات زوال الجات لصالح منظمة التجارة العالمية، المنظمة العالمية للتجارة، هيكل المنظمة العالمية للتجارة، اتفاقية المنظمة الناتجة عن جولة أوروجواي ونؤتمر مراكش، العضوية وشروطها بالمنظمة، الآثار المترتبة على المنظمة العالمية للتجارة | ||
| 653 | _aالتجارة الخارجية | ||
| 653 | _aالجات | ||
| 653 | _aالمفاوضات | ||
| 710 |
_aجامعة الجزائر3: كلية العلوم الإقتصادية، العلوم التجارية وعلوم التسيير _eناشر علمي |
||
| 942 | _cHANDOUT | ||
| 999 |
_c41037 _d41037 |
||